Normal view
MARC view
- طرق البحث-البحث
Entry Topical Term
001 - CONTROL NUMBER
- control field: 64288
003 - CONTROL NUMBER IDENTIFIER
- control field: JO-AjAnu
005 - DATE AND TIME OF LATEST TRANSACTION
- control field: 20230606084505.0
008 - FIXED-LENGTH DATA ELEMENTS
- fixed length control field: 230606|| aca||aabn | a|a d
040 ## - CATALOGING SOURCE
- Original cataloging agency: JO-AjAnu
- Transcribing agency: JO-AjAnu
150 ## - HEADING--TOPICAL TERM
- Topical term or geographic name entry element: طرق البحث-البحث
670 ## - SOURCE DATA FOUND
- Source citation: Work cat.: (JO-AjAnu)32775: تاليف ابو سمرة، محمود احمد، م.مشارك محمد عبد الإله الطيطي, author 64287, مناهج البحث العلمي من التبيين الى التمكين